000 01114cab a2200181 4500
001 ##L135583
008 061110n 000 0 eng u
035 _a(Sirsi) u135583
041 0 _aeng
100 1 _aHillman, Phillip
245 0 0 _aStudent accommodation
_ban asset class in its own right
490 0 _aProperty Forecast
_v9(10) October 2006, 6-7(2)
520 _aLooks at the prospects of the student housing property sector for investors. Describes recent major transactions in this niche market, the current yields, the size and value of the sector, leases vs direct let, demand and supply and the new specialist student funds. Sees the sector as being a niche market that should to a considerable extent be shielded from the vagaries of fluctuating economic cycles. Concludes that rental growth prospects across the sector look good with most anticipating growth at 1% to 3% in excess of RPI per annum. Table gives total UK student accommodation.
590 _aIKA141106
651 4 _aUnited Kingdom
_y
690 _aPROPERTY-RESIDENTIAL PROPERTY-RESIDENTIAL PROPERTY FINANCE AND INVESTMENT
942 _n0
999 _c77947
_d77947